Medagliere Short track ai Giochi Olimpici - Statistics

Statistiche generali
  • Questo quiz è stato fatto 14 volte
  • Il punteggio medio è 9 su 12
Statistiche sulle risposte
Medaglie complessive Medaglie d'Oro Medaglie d'Argento Medaglie di Bronzo Rappresentativa olimpica % Corretto
15 3 6 6 Italia
100%
37 12 16 9 Cina
92%
20 4 7 9 Stati Uniti
92%
37 10 13 14 Canada
85%
53 26 16 11 Corea del Sud
85%
9 3 3 3 Paesi Bassi
85%
2 0 1 1 Comitato Olimpico Russo
77%
5 3 1 1 Russia
77%
3 1 0 2 Giappone
69%
2 1 0 1 Australia
54%
4 2 0 2 Ungheria
54%
3 0 2 1 Bulgaria
23%
Nessun quiz corrispondente trovato
Distribuzione punteggi
Percentuale di utenti per punteggio
Percentile per numero di risposta
I tuoi punteggi nel tempo
Non hai fatto questo quiz